00305nam a2200121Ia 4500008004100000100002500041245004200066260003000108300000900138650001400147942000700161999001500168190216s9999||||xx |||||||||||||| ||und|| aDhires Bhattacharyya 0aConcise History Of The Indian Economy bPrentice Hall Indiac1979 a292p aEconomics cBK c9769d9769